Select the True Facts - U.S. Edition - Statistics

General Stats
  • This quiz has been taken 12 times
  • The average score is 49 of 80
Answer Stats
Question Tile Select % Correct
True facts about American geography. Bridgeport is the biggest city (by population) in New England. No
100%
True facts about American geography. Florida has the longest coastline of any state. No
100%
True facts about American geography. Puerto Rico has about the same population as Maine. No
100%
True facts about American geography. The Erie Canal runs through New Hampshire. No
100%
True facts about American pop culture. Bill Gates is the CEO of Twitter. No
89%
True facts about American politics. Both senators from Maine are Republicans. No
89%
True facts about American pop culture. 'Cars' was the first major hit by Pixar. No
89%
True facts about American geography. Detroit is the biggest city to touch the Great Lakes. No
89%
True facts about American pop culture. Disney is named after a fictional character from Cinderella. No
89%
True facts about American landmarks and National Parks. Fenway Park isn't technically in Boston. No
89%
True facts about American politics. Hillary Clinton voted against the war in Iraq. No
89%
True facts about American landmarks and National Parks. Indiana Dunes National Park isn't actually in Indiana. No
89%
True facts about American history. John Hancock didn't actually have the biggest signature on the Declaration of Independence. No
89%
True facts about American politics. John McCain lost his home state Arizona in 2008. No
89%
True facts about American politics. Kamala Harris was the mayor of San Francisco. No
89%
True facts about American pop culture. Macy's is a grocery store. No
89%
True facts about American geography. St. Louis is the capital of Missouri. No
89%
True facts about American landmarks and National Parks. The Golden Gate Bridge is in Los Angeles. No
89%
True facts about American landmarks and National Parks. There are only 3 National Parks in New England. No
89%
True facts about American pop culture. Warren Buffet is the CEO of Google. No
89%
True facts about American pop culture. Whole Foods doesn't just have food. It's a department store. No
89%
True facts about American geography. Wisconsin shares a border with Canada. No
89%
True facts about American geography. Wyoming, Montana, Colorado and Utah make up the Four Corners. No
89%
True facts about American history. Aaron Burr was Vice President two times. No
78%
True facts about American landmarks and National Parks. Alcatraz is on an island in the San Francisco Bay. Yes
78%
True facts about American history. Rhode Island was the ninth state to ratify the constitution, making it law. No
78%
True facts about American history. The Battle of Bull Run is considered the turning point in the Civil War. No
78%
True facts about American landmarks and National Parks. The Brooklyn Bridge connects Brooklyn and New Jersey. No
78%
True facts about American pop culture. The period of time when the Red Sox didn't win the World Series was called 'The Curse of the Bronx.' No
78%
True facts about American politics. There are more states with Democratic governors then Republicans. No
78%
True facts about American history. The U.S.S. Arizona was sunk at Pearl Harbor. Yes
78%
True facts about American geography. Washington, Minnesota and Vermont all border Canada. Yes
78%
True facts about American landmarks and National Parks. Bellagio Casino is in Las Vegas. Yes
67%
True facts about American politics. Colin Powell was the first African-American Secretary of State. Yes
67%
True facts about American geography. Florida borders Alabama and Georgia. Yes
67%
True facts about American geography. Indiana shares it's southern border with Kentucky. Yes
67%
True facts about American history. JFK was assassinated before MLK Jr. Yes
67%
True facts about American politics. Mike Pence was governor of Indiana. Yes
67%
True facts about American pop culture. NBA stands for Nationwide Basketball Association. No
67%
True facts about American geography. Tennessee borders 7 different states. No
67%
True facts about American geography. Texas's biggest city (proper) is Houston. Yes
67%
True facts about American landmarks and National Parks. The Liberty Bell is in Pennsylvania. Yes
67%
True facts about American history. The Monroe Doctrine wasn't actually issued by the Monroe administration. No
67%
True facts about American landmarks and National Parks. Theodore Roosevelt created 10 National Parks. No
67%
True facts about American landmarks and National Parks. Yellowstone is the oldest National Park in the country. Yes
67%
True facts about American history. America declared war on Japan first in WWII. Yes
56%
True facts about American politics. Dispite 8 years of War in Afghanistan, Bin Laden was killed during the Obama administration. Yes
56%
True facts about American pop culture. Elon Musk is the CEO is Tesla. Yes
56%
True facts about American pop culture. Jeff Bezos is the CEO of Amazon. Yes
56%
True facts about American pop culture. Joey, Ross and Monica were all members of the gang on 'Friends.' Yes
56%
True facts about American geography. Wyoming is the smallest state (by population) in the country. Yes
56%
True facts about American history. Benjamin Franklin opposed slavery. Yes
44%
True facts about American landmarks and National Parks. Crater Lake National Park is the deepest Lake in the United States. Yes
44%
True facts about American landmarks and National Parks. Disney World is in Orlando. No
44%
True facts about American politics. Joe Biden won the popular vote. Yes
44%
True facts about American landmarks and National Parks. Mt. Rushmore has the faces of Washington, Jefferson, Lincoln and T. Roosevelt. Yes
44%
True facts about American geography. Pennsylvania doesn't touch the Atlantic. Yes
44%
True facts about American pop culture. Target is a Department store. Yes
44%
True facts about American pop culture. The Carolina Hurricanes are located in North Carolina. Yes
44%
True facts about American pop culture. The New York Yankees have the most World Series wins. Yes
44%
True facts about American pop culture. The Simpsons was created by Matt Groening. Yes
44%
True facts about American history. Thomas Jefferson was governor of Virginia. Yes
44%
True facts about American history. Hawaii was annexed. Yes
33%
True facts about American politics. Joe Biden has run for president three times. Yes
33%
True facts about American geography. Michigan border 4 out of the 5 Great Lakes. Yes
33%
True facts about American politics. Mitt Romney was governor or Utah. No
33%
True facts about American history. New York City was the capital during the time Washington was president. Yes
33%
True facts about American history. Susan B. Anthony died before the passage of the 19th amendment. Yes
33%
True facts about American politics. The Green party is on the liberal end of the "spectrum." Yes
33%
True facts about American history. Uncle Sam is a fictional character. No
33%
True facts about American landmarks and National Parks. Zion National Park is the last Park alphabetically. Yes
33%
True facts about American history. America bought Alaska from Russia in 1877. No
22%
True facts about American politics. Both senators from North Carolina are Republicans. Yes
22%
True facts about American landmarks and National Parks. Smoky Mountains National parks is located in Tennessee. No
22%
True facts about American history. The 26th amendment allows/ed people over the age of 18 the vote. Yes
22%
True facts about American politics. Donald Trump's approval rating never got above 50%. Yes
11%
True facts about American landmarks and National Parks. Glacier National Park is split between Montana and Canada. Yes
11%
True facts about American politics. Both senators from Arizona are democrats. Yes
0%
True facts about American pop culture. Harris Teeter is a Grocery Story. Yes
0%
True facts about American politics. Lindsey Graham has run for president. Yes
0%
No matching quizzes found
Score Distribution
Percent of People with Each Score
Percentile by Number Answered
Your Score History
You have not taken this quiz